Súčasné problémy a predpoklady budúceho vývoja krajín strednej a východnej Európy Príloha Hospodárskych novín

Analýza súčasných vývojových tendencií v ekonomikách postsocialistických krajín. Vývoj hlavných ekonomických ukazovateľov v strednej a východnej Európe v r. 1993-1997.

Guardado en:
Detalles Bibliográficos
Autor principal: Oberhauser, Ján Artur
Formato: Capítulo de libro
Lenguaje:eslovaco
Materias:
Etiquetas: Agregar Etiqueta
Sin Etiquetas, Sea el primero en etiquetar este registro!

MARC

LEADER 00000naa a2200000 4500
001 r025656
005 20230824085310.0
041 0 |a slo 
044 |a SK 
245 1 0 |a Súčasné problémy a predpoklady budúceho vývoja krajín strednej a východnej Európy  |b Príloha Hospodárskych novín  |c Ján Artur Oberhauser 
520 |a Analýza súčasných vývojových tendencií v ekonomikách postsocialistických krajín. Vývoj hlavných ekonomických ukazovateľov v strednej a východnej Európe v r. 1993-1997. 
610 2 0 |a stredná Európa 
610 2 0 |a východná Európa 
610 2 0 |a 1993-1997 
610 2 0 |a situácia hospodárska 
610 2 0 |a prognózy hospodárske 
610 2 0 |a ukazovatele ekonomické 
100 1 |a Oberhauser, Ján Artur